| 000 | 00393nam a22001697a 4500 | ||
|---|---|---|---|
| 005 | 20160620135855.0 | ||
| 008 | 160620b xxu||||| |||| 00| 0 eng d | ||
| 020 | _a81-7028-002-8 | ||
| 041 | _aeng | ||
| 082 | _b8530 | ||
| 100 |
_aBarhi, Dr. Hardav _92320 |
||
| 245 | _aShiksharthi,Hindi English Dictionary | ||
| 260 | _bRajpal | ||
| 300 | _a758 | ||
| 650 |
_aManagement _9241 |
||
| 942 | _cBK | ||
| 999 |
_c3271 _d3270 |
||